Jali yang pintar
| Main Author: | |
|---|---|
| Format: | Book |
| Published: |
Cheras :
Pustaka Cergas Jaya ,
2011
|
| Series: | Siri mutiara klasik
|
| Subjects: |
MARC
| LEADER | 00000cam a2200000 7i4500 | ||
|---|---|---|---|
| 001 | 0000146181 | ||
| 005 | 20101125.0 | ||
| 020 | |a 9789675986031 | ||
| 090 | 0 | 0 | |a JF |b ZAR |
| 100 | 0 | |a Zarina Ismail | |
| 245 | 1 | 0 | |a Jali yang pintar |c Zarina Ismail |
| 260 | |a Cheras : |b Pustaka Cergas Jaya , |c 2011 | ||
| 300 | |a 30p. : |b ill. ; |c 21cm. | ||
| 490 | 0 | |a Siri mutiara klasik | |
| 650 | 0 | 0 | |a Children's stories, Malay |
| 999 | |a 00243610 |b BUKU |c PINJAMAN |e PERPUSTAKAAN KOMUNITI PETALING JAYA | ||
| 999 | |a 00243611 |b BUKU |c PINJAMAN |e PERPUSTAKAAN KOMUNITI PETALING JAYA | ||